The Valley of the moon
Sparad:
| Huvudupphovsman: | |
|---|---|
| Materialtyp: | Bok |
| Språk: | engelska |
| Publicerad: |
Nueva York
Grosset &Dunlap
1916
|
| Upplaga: | 1a. ed |
| Ämnen: | |
| Taggar: |
Lägg till en tagg
Inga taggar, Lägg till första taggen!
|
MARC
| LEADER | 00000nam a2200000 a 4500 | ||
|---|---|---|---|
| 001 | UCJ3702 | ||
| 003 | CL-VaPUC | ||
| 008 | 070124e19160000US |||||||||||||||||eng|d | ||
| 082 | 0 | 4 | |a 813 |b LON |2 21 |
| 100 | |a London, Jack |e autor |9 342822 | ||
| 245 | 1 | 4 | |a The Valley of the moon |
| 250 | |a 1a. ed | ||
| 300 | |a 530 p | ||
| 942 | |c BK | ||
| 945 | |d 20070124 00:00:00 |a rinostro | ||
| 260 | |a Nueva York |b Grosset &Dunlap |c 1916 | ||
| 500 | |a Ver nota biográfica en el registro número 413 de este mismo catálogo | ||
| 650 | 7 | |a NOVELA ESTADOUNIDENSE |2 CL-VaPUC |9 266286 | |
| 583 | |a last modification |c 20070124 00:00:00 |k Rodrigo Vera | ||
| 999 | |c 319824 |d 319822 | ||
| 952 | |0 0 |1 0 |4 0 |6 813_000000000000000_LON_1916 |7 0 |8 X |9 398214 |a FDOBUD |b FDOBUD |d 2019-11-22 |i 100719K |o 813 LON 1916 |p 100719K |r 2019-11-22 |w 2019-11-22 |y BK_X |k BUD | ||